[Event "Olimpiade 2014 - Open"]
[Site "Tromsø"]
[Date "08.08.2014"]
[Round "6.46"]
[Board "1"]
[White "Wiedenkeller, Michael"]
[Black "Dias, Paulo"]
[Result "1-0"]
[WhiteTitle "IM"]
[BlackTitle "IM"]
[WhiteElo "2471"]
[BlackElo "2416"]
[WhiteTeam "Luxembourg"]
[BlackTeam "Portugal"]
[WhiteFideId "1700146"]
[BlackFideId "1900803"]
[EventDate "2014.08.02"]

1. c4 e5 2. g3 Nc6 3. Nc3 Bc5 4. Bg2 a6 5. d3 d6 6. Nf3 Nge7 7. e3 Ba7 8. O-O
O-O 9. Rb1 Rb8 10. b4 b5 11. cxb5 axb5 12. a4 bxa4 13. Qxa4 Bb6 14. Nd2 Bd7 15.
b5 Na5 16. Ba3 Bf5 17. Nc4 Nxc4 18. Qxc4 Be6 19. Qa4 f5 20. Qc2 Kh8 21. Bc1 Qe8
22. Bd2 f4 23. exf4 Nf5 24. Ne2 Qh5 25. Bc3 Nh6 26. d4 Bc4 27. Rfe1 Bxe2 28.
Qxe2 Qxe2 29. Rxe2 exd4 30. Ba1 Nf5 31. Bc6 Rf7 32. Rbe1 h5 33. Kg2 g6 34. Re4
Kg7 35. h3 Kf8 36. Rd1 Re7 37. Rxe7 Nxe7 38. Bd7 Rd8 39. Be6 d5 40. g4 hxg4 41.
hxg4 Rd6 42. f5 gxf5 43. gxf5 c5 44. bxc6 Nxc6 45. Bb2 Bc5 46. Bc1 Nd8 47. Bf4
Ra6 48. Bxd5 Rf6 49. Be4 Nf7 50. Kf3 Nd6 51. Be5 Rf7 52. Rc1 Nxe4 53. Kxe4 Ba7
54. Rc8+ Ke7 55. Ra8 Bc5 56. Ra5 Bb6 57. Ra6 Bc5 58. f6+ Ke8 59. Kd5 Ba7 60. Ke6
Rb7 61. Rc6 Bb6 62. Rc8+ Bd8 63. f7+ 1-0

[Event "Olimpiade 2014 - Open"]
[Site "Tromsø"]
[Date "08.08.2014"]
[Round "6.46"]
[Board "2"]
[White "Ferreira, Jorge Viterbo"]
[Black "Berend, Elvira"]
[Result "1/2-1/2"]
[WhiteTitle "IM"]
[BlackTitle "WGM"]
[WhiteElo "2413"]
[BlackElo "2330"]
[WhiteTeam "Portugal"]
[BlackTeam "Luxembourg"]
[WhiteFideId "1910850"]
[BlackFideId "4000510"]
[EventDate "2014.08.02"]

1. d4 Nf6 2. g3 g6 3. Bg2 Bg7 4. e4 d6 5. Ne2 O-O 6. O-O c6 7. a4 e5 8. Nbc3 Na6
9. h3 exd4 10. Nxd4 Re8 11. Re1 Nc5 12. a5 a6 13. Bf4 Nh5 14. Be3 Nf6 15. f3 Qc7
16. Bf2 d5 17. b4 Ne6 18. e5 Nh5 19. f4 Nxd4 20. Qxd4 f6 21. exf6 Rxe1+ 22. Rxe1
Nxf6 23. Qd2 Qf7 24. Na4 Bf5 25. Nc5 h5 26. Bd4 Re8 27. Be5 Nd7 28. Bxg7 Nxc5
29. Bb2 Rxe1+ 30. Qxe1 Ne4 31. Qe3 Nf6 32. Qe5 Kg7 33. Kh2 Qe6 34. Qc7+ Qd7 35.
Qe5 Qe6 36. Qc3 Kf7 37. Bf3 Ne8 38. Qh8 Be4 39. Qh7+ Kf8 40. Qh8+ Kf7 41. Qh7+
Kf8 42. f5 Bxf5 43. Bd4 Nf6 44. Bc5+ Ke8 45. Qxb7 Nd7 46. Qa8+ Kf7 47. Qxa6 h4
48. Bf2 Ne5 49. Qb7+ Ke8 50. Bg2 Be4 51. Qb8+ Kf7 52. Bc5 hxg3+ 53. Kxg3 Nd7 54.
Qf4+ Kg8 55. Bxe4 dxe4 56. a6 Nf6 57. Qb8+ Kh7 58. a7 Nh5+ 59. Kh2 Qc4 60. Qc7+
Ng7 61. Qf4 Qxc2+ 62. Qf2 Qa4 63. Qh4+ Nh5 64. Qe7+ Ng7 65. Qxe4 Nf5 66. Qf4 Qa6
67. Qc7+ Kh6 68. Bf8+ Kh5 69. Qf4 Qa2+ 70. Kh1 Qa1+ 71. Kh2 Qa2+ 72. Kh1 Qa1+
73. Kh2 Qa2+ 1/2-1/2

[Event "Olimpiade 2014 - Open"]
[Site "Tromsø"]
[Date "08.08.2014"]
[Round "6.46"]
[Board "3"]
[White "Berend, Fred"]
[Black "Rego, Pedro Filipe"]
[Result "0-1"]
[WhiteTitle "IM"]
[WhiteElo "2380"]
[BlackElo "2273"]
[WhiteTeam "Luxembourg"]
[BlackTeam "Portugal"]
[WhiteFideId "4000102"]
[BlackFideId "1904310"]
[EventDate "2014.08.02"]

1. d4 Nf6 2. Nf3 e6 3. Bg5 d5 4. Nbd2 Be7 5. e3 b6 6. Ne5 O-O 7. Bd3 Nfd7 8. Bf4
Nxe5 9. dxe5 Ba6 10. c4 Bb4 11. Rc1 Bxc4 12. Bxc4 dxc4 13. Rxc4 c5 14. a3 Bxd2+
15. Qxd2 Qd5 16. Qxd5 exd5 17. Rc2 Nc6 18. b4 c4 19. b5 Ne7 20. Ke2 a6 21. Rb1
Rfc8 22. bxa6 Rc6 23. Rd1 Rxa6 24. Bg5 f6 25. Bh4 Rxa3 26. e4 dxe4 27. Rd6 b5
28. Bg3 Rd3 29. Ra2 fxe5 30. Rxc6 Nxc6 31. Ra6 Nd4+ 32. Ke1 c3 33. f4 c2 34. Ra1
Nb3 35. Ra8+ Kf7 36. Ra7+ Ke6 37. Rc7 c1=Q+ 38. Rxc1 Nxc1 39. fxe5 b4 40. Bf4 e3
41. g4 b3 42. Bg3 b2 0-1

[Event "Olimpiade 2014 - Open"]
[Site "Tromsø"]
[Date "08.08.2014"]
[Round "6.46"]
[Board "4"]
[White "Santos, Hugo Lima"]
[Black "Jeitz, Christian"]
[Result "0-1"]
[WhiteElo "2266"]
[BlackElo "2189"]
[WhiteTeam "Portugal"]
[BlackTeam "Luxembourg"]
[WhiteFideId "1913026"]
[BlackFideId "4000803"]
[EventDate "2014.08.02"]

1. e4 c5 2. Nc3 Nc6 3. g3 g6 4. Bg2 Bg7 5. d3 d6 6. Be3 e6 7. Qd2 Rb8 8. Nge2
Nd4 9. O-O Ne7 10. Nc1 O-O 11. Nd1 b6 12. c3 Ndc6 13. Bh6 d5 14. Bxg7 Kxg7 15.
exd5 Nxd5 16. Ne3 Nxe3 17. fxe3 Bb7 18. d4 Na5 19. e4 f5 20. exf5 exf5 21. d5
Nc4 22. Qd3 Ne5 23. Qc2 Re8 24. c4 Ng4 25. Qa4 a6 26. Nd3 Ne3 27. Nf4 Nxf1 28.
Rxf1 Qd6 29. g4 fxg4 30. Qb3 Bc8 31. Qg3 Qe5 32. Qh4 Bf5 33. Qg5 Kh8 34. d6 Qxd6
35. Bd5 Qe7 36. Qh6 Qg7 37. Qg5 Re5 38. Ng2 Bd3 39. Qxg4 Bxf1 40. Kxf1 Rf8+ 41.
Kg1 Qf6 42. h4 Qf1+ 43. Kh2 Qf5 44. Qg3 Re2 45. Kg1 Qe5 46. Qh3 Rxb2 47. Qd7
Rb1+ 0-1

[Event "Olimpiade 2014 - Open"]
[Site "Tromsø"]
[Date "08.08.2014"]
[Round "6.47"]
[Board "1"]
[White "Shobaita, Ahmed"]
[Black "Solomon, Kenny"]
[Result "0-1"]
[WhiteTitle "CM"]
[BlackTitle "IM"]
[WhiteElo "2067"]
[BlackElo "2378"]
[WhiteTeam "Palestine"]
[BlackTeam "South Africa"]
[WhiteFideId "11500336"]
[BlackFideId "14300192"]
[EventDate "2014.08.02"]

1. Nf3 d6 2. d4 g6 3. g3 Bg7 4. Bg2 Nd7 5. O-O Ngf6 6. c4 O-O 7. Nc3 e5 8. dxe5
dxe5 9. Be3 c6 10. h3 Qe7 11. Qc1 Re8 12. Rd1 a5 13. Ng5 Nc5 14. Bxc5 Qxc5 15.
Nce4 Nxe4 16. Nxe4 Qe7 17. Nd6 Rd8 18. Nxc8 Raxc8 19. Qc2 Qb4 20. b3 Qa3 21.
Rab1 Bf8 22. h4 Qe7 23. Bh3 Ra8 24. Rxd8 Rxd8 25. Rd1 f5 26. Rxd8 Qxd8 27. e4 f4
28. Be6+ Kh8 29. Qc3 Qf6 30. Bc8 fxg3 31. Qxg3 b6 32. Kg2 Bc5 33. f3 Be7 34. Kh3
h5 35. Kg2 Kh7 36. Kh3 Qd6 37. Kg2 Qd2+ 38. Kf1 Bc5 39. Be6 Qxa2 40. Bf7 Qb1+
41. Ke2 Qc2+ 42. Ke1 Qc1+ 0-1

[Event "Olimpiade 2014 - Open"]
[Site "Tromsø"]
[Date "08.08.2014"]
[Round "6.47"]
[Board "2"]
[White "Kobese, Watu"]
[Black "Miswadah, Baha"]
[Result "1-0"]
[WhiteTitle "IM"]
[WhiteElo "2333"]
[BlackElo "1803"]
[WhiteTeam "South Africa"]
[BlackTeam "Palestine"]
[WhiteFideId "14300141"]
[BlackFideId "11502118"]
[EventDate "2014.08.02"]

1. e4 c5 2. Nf3 Nc6 3. Nc3 g6 4. d4 cxd4 5. Nxd4 Bg7 6. Nb3 d6 7. Be2 Nf6 8. O-O
O-O 9. Re1 Bd7 10. Bf1 Rc8 11. Nd5 Ne5 12. a4 Nc4 13. c3 a6 14. a5 Nxd5 15. exd5
h6 16. h3 Re8 17. Re4 Bb5 18. Nd4 Nxa5 19. Nxb5 axb5 20. Bxb5 Rf8 21. b4 f5 22.
Re6 Nc4 23. Qe2 Ne5 24. f4 Nd7 25. Rxe7 Nf6 26. Qe6+ Kh8 27. Rxb7 Rxc3 28. Bd2
Rc7 29. Raa7 Rff7 30. Rxc7 Rxc7 31. Ra6 Ne4 32. Be3 Kh7 33. Rc6 Re7 34. Rc8 Rxe6
35. Rxd8 Re7 36. Rd7 Rxd7 37. Bxd7 Nc3 38. b5 Nd1 39. b6 Nxe3 40. b7 Bd4 41.
b8=Q Bc5 42. Be6 Nxd5+ 43. Kf1 1-0

[Event "Olimpiade 2014 - Open"]
[Site "Tromsø"]
[Date "08.08.2014"]
[Round "6.47"]
[Board "3"]
[White "Tamra, Attallah"]
[Black "Van den Heever, Donovan"]
[Result "0-1"]
[BlackTitle "FM"]
[WhiteElo "2081"]
[BlackElo "2289"]
[WhiteTeam "Palestine"]
[BlackTeam "South Africa"]
[WhiteFideId "11500255"]
[BlackFideId "14300494"]
[EventDate "2014.08.02"]

1. d4 d5 2. Nf3 Nf6 3. g3 Bf5 4. c4 e6 5. Nc3 c6 6. Bg2 h6 7. O-O Nbd7 8. cxd5
exd5 9. Bf4 Be7 10. Ne5 O-O 11. Nxd7 Qxd7 12. Qb3 Rfe8 13. Rfe1 Bf8 14. Rac1 Re6
15. h3 Rae8 16. g4 Bg6 17. e3 h5 18. g5 Ne4 19. Nxe4 Bxe4 20. Qd1 g6 21. a3 Bd6
22. Bxd6 Rxd6 23. Bxe4 Rxe4 24. Qf3 Qe7 25. Qg3 h4 26. Qg2 Kg7 27. Kh1 Rde6 28.
Rg1 f5 29. gxf6+ Rxf6 30. Rcf1 Qf7 31. Qh2 Rxe3 32. fxe3 Rxf1 33. Qe5+ Kh7 34.
Rxf1 Qxf1+ 35. Kh2 Qf2+ 36. Kh1 Qf3+ 37. Kh2 Qe4 38. Qg5 a5 39. b4 axb4 40. axb4
Kg7 41. Kg1 Kf7 42. Qh6 Ke6 43. Kf2 Kd7 44. Qg7+ Kc8 45. Ke2 Kb8 46. Qf8+ Kc7
47. Qg7+ Kb6 48. Qf8 Qc2+ 49. Ke1 Kb5 50. Qe7 Kc4 51. Qd6 Qg2 52. b5 Qg3+ 53.
Qxg3 hxg3 54. bxc6 bxc6 55. Ke2 g2 56. Kf2 Kd3 57. Kxg2 Kxe3 0-1

[Event "Olimpiade 2014 - Open"]
[Site "Tromsø"]
[Date "08.08.2014"]
[Round "6.47"]
[Board "4"]
[White "Gluckman, David"]
[Black "Michel Yunis, Christian D."]
[Result "0-1"]
[WhiteTitle "IM"]
[BlackTitle "IM"]
[WhiteElo "2236"]
[BlackElo "2311"]
[WhiteTeam "South Africa"]
[BlackTeam "Palestine"]
[WhiteFideId "14300010"]
[BlackFideId "3400085"]
[EventDate "2014.08.02"]

1. Nf3 Nf6 2. c4 e6 3. g3 b6 4. Bg2 Bb7 5. O-O c5 6. b3 Be7 7. Bb2 O-O 8. e3 d5
9. Qe2 Nc6 10. Rd1 Qc7 11. Nc3 dxc4 12. bxc4 Rac8 13. Rac1 Na5 14. Nb5 Qb8 15.
d3 Rfd8 16. e4 Nc6 17. Rb1 Nd7 18. a4 a6 19. Na3 Qc7 20. Nc2 a5 21. Na3 Qb8 22.
Nb5 Nb4 23. Bc3 Qa8 24. Ne5 Nxe5 25. Bxe5 Bc6 26. h4 Bxb5 27. cxb5 Bd6 28. Bxd6
Rxd6 29. e5 Rd5 30. d4 c4 31. Rbc1 c3 32. Be4 Qb7 33. Qf3 Qc7 34. Bxd5 Nxd5 35.
Rd3 Qc4 36. Kh2 h6 37. h5 Qxa4 38. g4 Qxb5 39. Rdd1 c2 40. Qe4 Qb2 41. Rg1 a4
42. g5 hxg5 43. Qg4 Ne7 44. Qxg5 Nf5 45. Rg4 Kh7 46. Qf4 Rc4 47. Qd2 a3 48. Rgg1
a2 49. Rxg7+ Nxg7 50. h6 Nf5 51. Rg1 c1=Q 0-1

[Event "Olimpiade 2014 - Open"]
[Site "Tromsø"]
[Date "08.08.2014"]
[Round "6.49"]
[Board "1"]
[White "Emojong, Elijah"]
[Black "Al Qudaimi, Basheer"]
[Result "0-1"]
[WhiteTitle "IM"]
[BlackTitle "IM"]
[WhiteElo "2334"]
[BlackElo "2396"]
[WhiteTeam "Uganda"]
[BlackTeam "Yemen"]
[WhiteFideId "10000402"]
[BlackFideId "9400346"]
[EventDate "2014.08.02"]

1. e4 e5 2. Nf3 Nc6 3. d4 exd4 4. Nxd4 Nf6 5. Nxc6 bxc6 6. e5 Qe7 7. Qe2 Nd5 8.
c4 Ba6 9. Nd2 g6 10. Nf3 Bg7 11. Bg5 f6 12. exf6 Qxe2+ 13. Bxe2 Nxf6 14. O-O-O
O-O-O 15. Bd3 Rde8 16. Rhe1 Ng4 17. Bh4 c5 18. Be2 Bb7 19. Nd2 Ne5 20. f4 Nc6
21. Bg4 Nd4 22. Be7 h5 23. Bh3 Ne6 24. Bxe6 Rxe7 25. Bh3 Rxe1 26. Rxe1 Kd8 27.
Nb3 Bf8 28. g3 Bd6 29. Bf1 h4 30. Bd3 hxg3 31. hxg3 Rg8 32. Be4 c6 33. Kc2 Kc7
34. Nd2 g5 35. Rf1 gxf4 36. gxf4 Rf8 37. f5 Be5 38. Rh1 Rf7 39. Bd3 d5 40. Re1
Bf4 41. Nb3 dxc4 42. Bxc4 Rxf5 43. Re7+ Kb6 44. Bd3 Rh5 45. a4 a6 46. a5+ Ka7
47. Kc3 Be5+ 48. Kc2 Rh2+ 49. Kd1 Rh1+ 50. Kd2 Rh2+ 51. Be2 Bd6 52. Rd7 Rh6 53.
Bf3 Kb8 54. Kd3 Bc8 55. Rg7 c4+ 56. Kxc4 Be6+ 57. Kd3 Bf8 58. Rg1 Bxb3 59. Re1
Bb4 60. Re8+ Kc7 61. Bg4 Rd6+ 62. Ke4 Bxa5 63. Ke5 Rd5+ 64. Kf6 Rd2 65. Re7+ Kb6
66. Bc8 Kc5 67. Re5+ Bd5 68. Bxa6 Bd8+ 69. Kg6 Rg2+ 70. Kf5 Rxb2 71. Re1 Rf2+
72. Kg4 Bc7 73. Rc1+ Kb6 74. Bf1 Rf4+ 75. Kg5 Rb4 76. Kf5 c5 77. Rd1 Rf4+ 78.
Kg5 c4 79. Bh3 Kc5 80. Bf5 Rf2 0-1

[Event "Olimpiade 2014 - Open"]
[Site "Tromsø"]
[Date "08.08.2014"]
[Round "6.49"]
[Board "2"]
[White "Al Badani, Abdu"]
[Black "Kawuma, Patrick"]
[Result "1/2-1/2"]
[WhiteTitle "FM"]
[BlackTitle "CM"]
[WhiteElo "2180"]
[BlackElo "2261"]
[WhiteTeam "Yemen"]
[BlackTeam "Uganda"]
[WhiteFideId "9400176"]
[BlackFideId "10000127"]
[EventDate "2014.08.02"]

1. e4 c5 2. Nf3 Nc6 3. c3 d5 4. exd5 Qxd5 5. Na3 Nf6 6. Be2 e6 7. O-O Be7 8. d4
O-O 9. Nb5 Qd8 10. a4 cxd4 11. cxd4 b6 12. Bf4 Bb7 13. Rc1 Nd5 14. Bg3 a6 15.
Na3 Na5 16. Ne5 Bd6 17. Bf3 Qe7 18. Nac4 Nxc4 19. Rxc4 Rac8 20. Qb3 Rxc4 21.
Nxc4 Bxg3 22. hxg3 Qc7 23. Rc1 Rc8 24. Rc2 Qd8 25. a5 b5 26. Nb6 Rxc2 27. Qxc2
Nb4 28. Qc5 Bxf3 29. gxf3 Qf8 30. Qc7 h5 31. Kg2 Nd3 32. Qc3 Nb4 33. Qc7 Nd3 34.
Qb7 Nb4 35. d5 exd5 36. Nxd5 Nxd5 37. Qxd5 h4 38. gxh4 Qc8 39. Qd6 Kh7 40. h5
Qb7 41. Qb6 Qc8 42. b4 Qa8 43. Qc7 Qd5 44. Qc8 Qd6 45. Qf5+ Kg8 46. Qe4 Qf6 47.
f4 Qd8 48. Qc6 Qh4 49. Qc8+ Kh7 50. Qf5+ Kh6 51. Qc8 Kh7 52. f3 Qxf4 53. Qxa6
Qg5+ 54. Kf1 Qc1+ 55. Ke2 Qc2+ 56. Ke3 Qc3+ 57. Ke2 Qc2+ 58. Ke1 Qc1+ 59. Ke2
Qc2+ 60. Ke3 Qc3+ 61. Ke2 Qc2+ 62. Ke3 Qc3+ 1/2-1/2

[Event "Olimpiade 2014 - Open"]
[Site "Tromsø"]
[Date "08.08.2014"]
[Round "6.49"]
[Board "3"]
[White "Ssegwanyi, Arthur"]
[Black "Al-Hadarani, Hatim"]
[Result "1-0"]
[BlackTitle "FM"]
[WhiteElo "2299"]
[BlackElo "2254"]
[WhiteTeam "Uganda"]
[BlackTeam "Yemen"]
[WhiteFideId "10000100"]
[BlackFideId "9400273"]
[EventDate "2014.08.02"]

1. e4 e6 2. d4 d5 3. Nd2 Be7 4. Ngf3 dxe4 5. Nxe4 Nf6 6. Nxf6+ Bxf6 7. Bd3 c5 8.
dxc5 Qa5+ 9. Nd2 Nd7 10. c6 Ne5 11. Be4 Nxc6 12. O-O O-O 13. c3 Qc7 14. Qc2 g6
15. Nf3 Bg7 16. Be3 b6 17. Rfd1 Bb7 18. Qa4 h6 19. Rd2 Rfd8 20. Rad1 Rxd2 21.
Rxd2 e5 22. Qd1 Rd8 23. h4 Rxd2 24. Qxd2 h5 25. Ng5 Bf6 26. Qd3 Kg7 27. a3 Nd8
28. Bxb7 Qxb7 29. c4 Qc6 30. b4 Be7 31. g3 f5 32. c5 bxc5 33. Bxc5 Bxg5 34. hxg5
Nf7 35. Qd2 a6 36. Be7 Qe6 37. Bf6+ Kh7 38. Qe3 h4 39. Qc5 Kg8 40. Qc7 Qe8 41.
gxh4 f4 42. Kh2 f3 43. a4 e4 44. Qf4 Qc6 45. Bd4 Qd5 46. Qf6 Kf8 47. Bc5+ Kg8
48. Qxg6+ Kh8 49. Qf6+ Kg8 50. Bd4 1-0

[Event "Olimpiade 2014 - Open"]
[Site "Tromsø"]
[Date "08.08.2014"]
[Round "6.49"]
[Board "4"]
[White "Al-Aqrabi, Saleh"]
[Black "Wanyama, Harold"]
[Result "1-0"]
[BlackTitle "FM"]
[WhiteElo "2139"]
[BlackElo "2244"]
[WhiteTeam "Yemen"]
[BlackTeam "Uganda"]
[WhiteFideId "9400338"]
[BlackFideId "10000380"]
[EventDate "2014.08.02"]

1. d4 Nf6 2. c4 e6 3. Nc3 d5 4. Bg5 c6 5. e3 Nbd7 6. Nf3 Qa5 7. Bxf6 Nxf6 8. Nd2
Bd6 9. Be2 O-O 10. c5 Bb8 11. f4 Nd7 12. a3 Qd8 13. O-O f6 14. Qc2 Qe7 15. Bd3
g5 16. fxg5 fxg5 17. e4 e5 18. exd5 exd4 19. d6 Qe3+ 20. Kh1 dxc3 21. Bxh7+ Kh8
22. Qg6 Rd8 23. Bg8 Nf8 24. Rxf8 1-0

[Event "Olimpiade 2014 - Open"]
[Site "Tromsø"]
[Date "08.08.2014"]
[Round "6.50"]
[Board "1"]
[White "Amonatov, Farrukh"]
[Black "Blijstra, Wim"]
[Result "1-0"]
[WhiteTitle "GM"]
[WhiteElo "2590"]
[BlackElo "2201"]
[WhiteTeam "Tajikistan"]
[BlackTeam "Netherlands Antilles"]
[WhiteFideId "14700077"]
[BlackFideId "1018000"]
[EventDate "2014.08.02"]

1. e4 c5 2. Nf3 d6 3. d4 cxd4 4. Nxd4 Nf6 5. Nc3 a6 6. h3 b5 7. g4 Bb7 8. Bg2 e6
9. g5 b4 10. gxf6 bxc3 11. bxc3 Qc7 12. O-O Nd7 13. Rb1 Rb8 14. fxg7 Bxg7 15.
Qh5 O-O 16. Bh6 Bxh6 17. Qxh6 Kh8 18. Ne2 Rg8 19. Qf4 f5 20. Ng3 fxe4 21. Bxe4
e5 22. Rxb7 Rxb7 23. Qh6 Rg7 24. Bxb7 Qxb7 25. Qxd6 Qf3 26. Qd3 Qf4 27. Re1 h5
28. Re4 Qg5 29. h4 Qg6 30. Rc4 Nb6 31. Rc5 Nd7 32. Rc8+ Kh7 33. Rc6 Qxd3 34.
cxd3 Rg6 35. Rc7 Rd6 36. Ne4 1-0

[Event "Olimpiade 2014 - Open"]
[Site "Tromsø"]
[Date "08.08.2014"]
[Round "6.50"]
[Board "2"]
[White "Maduro, Sherman"]
[Black "Isaev, Jamshed"]
[Result "0-1"]
[WhiteTitle "CM"]
[BlackTitle "IM"]
[WhiteElo "1993"]
[BlackElo "2337"]
[WhiteTeam "Netherlands Antilles"]
[BlackTeam "Tajikistan"]
[WhiteFideId "7500122"]
[BlackFideId "14700050"]
[EventDate "2014.08.02"]

1. d4 Nf6 2. c4 g6 3. Nc3 d5 4. cxd5 Nxd5 5. e4 Nxc3 6. bxc3 Bg7 7. Be3 c5 8.
Bc4 Qa5 9. Qd2 Nc6 10. Ne2 O-O 11. Rb1 cxd4 12. cxd4 Qxd2+ 13. Kxd2 Rd8 14. Rhd1
Bxd4 15. Nxd4 Nxd4 16. Bd5 Nf5 17. Ke2 Nxe3 18. Kxe3 Kf8 19. Rdc1 Rd7 20. Rc3 e6
21. Rbc1 Rd8 22. Bb3 Bd7 23. Rc7 Bc6 24. e5 g5 25. g3 a5 26. a3 Rac8 27. Rxc8
Rxc8 28. Ba4 Ke7 29. f4 gxf4+ 30. gxf4 h6 31. Bxc6 Rxc6 32. Rxc6 bxc6 33. Kd4
Kd7 34. Kc5 Kc7 35. h3 Kb7 36. Kd6 Kb6 37. Ke7 c5 38. Kxf7 c4 39. f5 exf5 40. e6
c3 41. e7 c2 42. e8=Q c1=Q 43. Qb8+ Ka6 44. Qa8+ Kb5 45. Qb7+ Ka4 46. Qd7+ Kxa3
47. Qxf5 a4 48. Qd3+ Kb4 49. Qd6+ Qc5 50. Qd2+ Kb3 51. Qd3+ Qc3 52. Qd1+ Qc2 53.
Qf3+ Ka2 54. Qf4 h5 55. h4 a3 56. Kf6 Ka1 57. Kg5 Qc5+ 58. Kg6 a2 59. Qb8 Qd5
60. Qb4 Qe5 61. Qb3 Qb2 62. Qd5 Qc2+ 63. Kxh5 Kb1 64. Qb5+ Kc1 65. Qa5 Qh7+ 66.
Kg4 Qg7+ 67. Kh3 0-1

[Event "Olimpiade 2014 - Open"]
[Site "Tromsø"]
[Date "08.08.2014"]
[Round "6.50"]
[Board "3"]
[White "Khamdamov, Suhrob"]
[Black "Da Silva, John"]
[Result "1-0"]
[WhiteTitle "IM"]
[WhiteElo "2301"]
[BlackElo "1996"]
[WhiteTeam "Tajikistan"]
[BlackTeam "Netherlands Antilles"]
[WhiteFideId "14700042"]
[BlackFideId "15900061"]
[EventDate "2014.08.02"]

1. Nf3 g6 2. d4 Nf6 3. c4 d6 4. Nc3 Bg7 5. g3 Nbd7 6. Bg2 O-O 7. O-O c5 8. h3
cxd4 9. Nxd4 a6 10. Be3 Re8 11. Rc1 e5 12. Nc2 Qc7 13. b3 Rb8 14. Nb4 Nc5 15.
Nbd5 Nxd5 16. Nxd5 Qd8 17. b4 Nd7 18. a4 b6 19. Qd2 Bb7 20. Rfd1 Bxd5 21. Bxd5
Qc7 22. Bg2 Bf8 23. h4 a5 24. Bd5 axb4 25. Qxb4 Nc5 26. Ra1 Kh8 27. Kg2 f5 28.
a5 bxa5 29. Qxa5 Qxa5 30. Rxa5 Rb2 31. h5 g5 32. Bxg5 Rxe2 33. Bf7 Rb8 34. Rxc5
dxc5 35. h6 1-0

[Event "Olimpiade 2014 - Open"]
[Site "Tromsø"]
[Date "08.08.2014"]
[Round "6.51"]
[Board "1"]
[White "Asefi, Zaheeruddeen"]
[Black "Kurukulasuriya, Prasanna"]
[Result "0-1"]
[WhiteTitle "FM"]
[BlackTitle "FM"]
[WhiteElo "1996"]
[BlackElo "2063"]
[WhiteTeam "Afghanistan"]
[BlackTeam "Sri Lanka"]
[WhiteFideId "11700025"]
[BlackFideId "9901248"]
[EventDate "2014.08.02"]

1. d4 Nf6 2. Nf3 g6 3. c4 Bg7 4. Nc3 O-O 5. e4 d6 6. Be2 e5 7. O-O Nc6 8. d5 Ne7
9. Ne1 Nd7 10. Be3 f5 11. f3 f4 12. Bf2 g5 13. b4 Ng6 14. c5 Rf7 15. Rc1 Bf8 16.
cxd6 Bxd6 17. Nd3 b6 18. Nb5 Nf6 19. a4 g4 20. Re1 Rg7 21. Nxd6 cxd6 22. Rc4 h5
23. Kh1 g3 24. hxg3 fxg3 25. Bxg3 h4 26. Bh2 Nh5 27. Qc1 Ng3+ 28. Kg1 b5 29. Rc6
bxa4 30. Bd1 Bb7 31. b5 Bxc6 32. bxc6 Qb6+ 33. Qe3 a3 34. Nf2 a2 35. Qc3 Nf4 36.
Qa1 Qb1 0-1

[Event "Olimpiade 2014 - Open"]
[Site "Tromsø"]
[Date "08.08.2014"]
[Round "6.51"]
[Board "2"]
[White "Galappaththi, Chinthaka Anuruddh"]
[Black "Kooshani, Mahbuboollah"]
[Result "1-0"]
[WhiteTitle "CM"]
[BlackTitle "FM"]
[WhiteElo "2125"]
[BlackElo "2036"]
[WhiteTeam "Sri Lanka"]
[BlackTeam "Afghanistan"]
[WhiteFideId "9900438"]
[BlackFideId "11700084"]
[EventDate "2014.08.02"]

1. d4 d5 2. Nf3 Nf6 3. e3 Bf5 4. c4 e6 5. Nc3 c6 6. Bd3 Bg4 7. Qb3 dxc4 8. Bxc4
Qb6 9. Ne5 Qxb3 10. Bxb3 Bf5 11. f3 Nbd7 12. e4 Bg6 13. Nd3 Bd6 14. Be3 Bc7 15.
O-O h5 16. Rac1 O-O-O 17. Rfd1 Kb8 18. Nf4 Bh7 19. e5 Ne8 20. Nxh5 Bg8 21. Nf4
c5 22. Nb5 cxd4 23. Bxd4 Nb6 24. Nxc7 Nxc7 25. Bxb6 Rxd1+ 26. Rxd1 axb6 27. Rd8+
Ka7 28. Rc8 Na6 29. Nd3 Nc5 30. Nxc5 bxc5 31. f4 b6 32. f5 Kb7 33. Rf8 Kc6 34.
fxe6 fxe6 35. Bxe6 Bxe6 36. Rxh8 Bxa2 37. Kf2 b5 38. Rb8 b4 39. Ke3 Kd5 40. Rb5
Kc6 41. Ra5 Bd5 42. Ra7 Kb5 43. Rxg7 Kc4 44. Kd2 Kd4 45. Rd7 Kxe5 46. Rxd5+ Kxd5
47. h4 c4 48. h5 Ke5 49. h6 Kf6 50. g4 Kg6 51. g5 Kh7 52. Ke3 Kg6 53. Kd4 c3 54.
bxc3 b3 55. Kd3 1-0

[Event "Olimpiade 2014 - Open"]
[Site "Tromsø"]
[Date "08.08.2014"]
[Round "6.51"]
[Board "3"]
[White "Ahmadi, Zabiullah"]
[Black "Perera, W C C"]
[Result "0-1"]
[BlackTitle "CM"]
[WhiteElo "2031"]
[BlackElo "2081"]
[WhiteTeam "Afghanistan"]
[BlackTeam "Sri Lanka"]
[WhiteFideId "11700033"]
[BlackFideId "9902600"]
[EventDate "2014.08.02"]

1. e4 c5 2. Nf3 d6 3. d4 cxd4 4. Nxd4 Nf6 5. Nc3 a6 6. Bd3 e5 7. Nde2 Be6 8. Bg5
Nbd7 9. Qd2 Be7 10. f4 Qc7 11. b3 h6 12. f5 hxg5 13. fxe6 fxe6 14. Qxg5 O-O-O
15. O-O-O d5 16. exd5 Nxd5 17. Qd2 Bb4 18. Kb2 Qa5 19. Bc4 N7b6 20. Bxd5 Nxd5
21. Qe1 Nxc3 22. Rxd8+ Rxd8 23. Nxc3 Rd1 24. Qxd1 Ba3+ 0-1

[Event "Olimpiade 2014 - Open"]
[Site "Tromsø"]
[Date "08.08.2014"]
[Round "6.51"]
[Board "4"]
[White "Kalugampitiya, R S"]
[Black "Sarwary, Hamidullah"]
[Result "1-0"]
[WhiteElo "2121"]
[BlackElo "1920"]
[WhiteTeam "Sri Lanka"]
[BlackTeam "Afghanistan"]
[WhiteFideId "9901124"]
[BlackFideId "11700580"]
[EventDate "2014.08.02"]

1. e4 e5 2. Nf3 d6 3. d4 exd4 4. Nxd4 Nf6 5. Nc3 Be7 6. Bf4 Bd7 7. Qd2 Nc6 8.
Be2 Nxd4 9. Qxd4 Bc6 10. O-O-O O-O 11. h4 b5 12. Bf3 Qe8 13. Rh3 Bd7 14. Rg3 c5
15. Qe3 h5 16. Bxd6 Bxd6 17. Rxd6 Qe5 18. Qg5 Qxg5+ 19. Rxg5 Be6 20. Rxc5 Rad8
21. Rxd8 Rxd8 22. Rxb5 g6 23. Nd5 Nd7 24. Ra5 f5 25. exf5 gxf5 26. Ne7+ Kf7 27.
Nxf5 Kf6 28. Ng3 Nb6 29. Nxh5+ Kf7 30. Rxa7+ Kf8 31. Nf4 Bf5 32. g4 1-0

[Event "Olimpiade 2014 - Open"]
[Site "Tromsø"]
[Date "08.08.2014"]
[Round "6.52"]
[Board "1"]
[White "Jones, Richard S."]
[Black "Dervishi, Erald"]
[Result "0-1"]
[WhiteTitle "IM"]
[BlackTitle "GM"]
[WhiteElo "2414"]
[BlackElo "2581"]
[WhiteTeam "Wales"]
[BlackTeam "Albania"]
[WhiteFideId "1800833"]
[BlackFideId "4700236"]
[EventDate "2014.08.02"]

1. e4 e5 2. Nf3 Nc6 3. Bb5 a6 4. Ba4 Nf6 5. O-O Be7 6. Re1 b5 7. Bb3 d6 8. c3
O-O 9. h3 Bb7 10. d4 Re8 11. Ng5 Rf8 12. Nf3 h6 13. Nbd2 Re8 14. Nf1 Bf8 15. Ng3
g6 16. a4 Bg7 17. dxe5 Nxe5 18. Nxe5 dxe5 19. Qe2 Bc6 20. f3 Nd7 21. Be3 Nf8 22.
Red1 Qe7 23. axb5 axb5 24. Qf2 Ne6 25. Ne2 Bf8 26. Qg3 Qf6 27. Qf2 Reb8 28. Rxa8
Rxa8 29. Nc1 b4 30. Nd3 bxc3 31. bxc3 Bb5 32. Nb4 c6 33. Rb1 Nf4 34. c4 Bxb4 35.
cxb5 cxb5 36. Bxf4 Qxf4 37. Bd5 Bc3 38. Qf1 Rb8 39. Rxb5 Bd4+ 40. Kh1 Rxb5 0-1